[Event "Portugal Open 2018"]
[Site "Lisboa POR"]
[Date "2018.02.08"]
[Round "7.26"]
[White "Fidalgo, Andre Neves"]
[Black "Yurtseven, Melih"]
[Result "0-1"]
[BlackElo "2415"]
[WhiteElo "2205"]
[LiveChessVersion "1.4.8"]

1. d4 {[%clk 1:27:21]} d5 {[%clk 1:30:51]} 2. Nf3 {[%clk 1:27:45]} Bf5
{[%clk 1:27:30]} 3. g3 {[%clk 1:23:27]} Nc6 {[%clk 1:27:47]} 4. c3
{[%clk 1:23:29]} Qd7 {[%clk 1:25:44]} 5. Nbd2 {[%clk 1:16:16]} f6
{[%clk 1:22:16]} 6. Nh4 {[%clk 1:10:24]} Bg4 {[%clk 1:21:31]} 7. h3
{[%clk 1:04:42]} Bh5 {[%clk 1:21:37]} 8. b4 {[%clk 1:04:21]} e5 {[%clk 1:16:57]}
9. b5 {[%clk 1:03:34]} Nce7 {[%clk 1:11:53]} 10. Qb3 {[%clk 0:59:40]} Bf7
{[%clk 1:09:36]} 11. e3 {[%clk 0:55:34]} g5 {[%clk 0:57:47]} 12. Nhf3
{[%clk 0:54:26]} Ng6 {[%clk 0:52:43]} 13. Ba3 {[%clk 0:52:16]} N8e7
{[%clk 0:50:51]} 14. O-O-O {[%clk 0:37:58]} e4 {[%clk 0:48:38]} 15. Ne1
{[%clk 0:37:53]} f5 {[%clk 0:48:21]} 16. Be2 {[%clk 0:37:13]} Bg7
{[%clk 0:43:11]} 17. Nc2 {[%clk 0:35:15]} h5 {[%clk 0:38:21]} 18. Rdg1
{[%clk 0:30:28]} Bf6 {[%clk 0:34:52]} 19. Kb1 {[%clk 0:26:04]} Be6
{[%clk 0:32:46]} 20. f4 {[%clk 0:18:36]} h4 {[%clk 0:32:31]} 21. fxg5
{[%clk 0:14:11]} Bxg5 {[%clk 0:32:44]} 22. c4 {[%clk 0:13:05]} hxg3
{[%clk 0:27:50]} 23. Rxg3 {[%clk 0:13:25]} Bh4 {[%clk 0:27:05]} 24. Rgg1
{[%clk 0:13:06]} Rh6 {[%clk 0:24:33]} 25. Bc5 {[%clk 0:07:47]} Bf6
{[%clk 0:20:43]} 26. a3 {[%clk 0:05:50]} Kf7 {[%clk 0:13:20]} 27. cxd5
{[%clk 0:05:15]} Nxd5 {[%clk 0:13:21]} 28. Bc4 {[%clk 0:05:37]} b6
{[%clk 0:10:48]} 29. Bb4 {[%clk 0:06:00]} a5 {[%clk 0:09:40]} 30. Bc3
{[%clk 0:03:17]} Rah8 {[%clk 0:08:41]} 31. Rg3 {[%clk 0:03:28]} Qd6
{[%clk 0:06:06]} 32. Rhg1 {[%clk 0:02:17]} Nge7 {[%clk 0:06:34]} 33. Bb2
{[%clk 0:02:05]} Rxh3 {[%clk 0:05:17]} 34. R3g2 {[%clk 0:02:02]} Rh2
{[%clk 0:04:58]} 35. a4 {[%clk 0:02:26]} Rxg2 {[%clk 0:01:49]} 36. Rxg2
{[%clk 0:03:20]} Nb4 {[%clk 0:02:34]} 37. Nxb4 {[%clk 0:02:24]} axb4
{[%clk 0:03:02]} 38. Bxe6+ {[%clk 0:02:11]} Qxe6 {[%clk 0:03:30]} 39. Qxb4
{[%clk 0:02:03]} Rh1+ {[%clk 0:03:03]} 40. Bc1 {[%clk 0:01:47]} Nd5
{[%clk 0:02:52]} 41. Qb3 {[%clk 0:01:26]} Rh3 {[%clk 0:02:17]} 42. Nc4
{[%clk 0:00:52]} f4 {[%clk 0:02:45]} 43. Re2 {[%clk 0:00:42]} fxe3
{[%clk 0:00:36]} 44. Nxe3 {[%clk 0:00:44]} Nf4 {[%clk 0:00:37]} 45. Qxe6+
{[%clk 0:00:44]} Kxe6 {[%clk 0:01:04]} 46. Rc2 {[%clk 0:00:50]} Bxd4
{[%clk 0:00:42]} 47. Rc6+ {[%clk 0:01:06]} Kd7 {[%clk 0:00:53]} 48. Nf5
{[%clk 0:00:41]} Be5 {[%clk 0:01:14]} 49. Rc4 {[%clk 0:00:41]} Nd5
{[%clk 0:01:25]} 50. Bd2 {[%clk 0:00:40]} e3 {[%clk 0:01:05]} 51. Nxe3
{[%clk 0:00:35]} Nxe3 {[%clk 0:01:34]} 52. Re4 {[%clk 0:00:56]} Nf1
{[%clk 0:01:30]} 53. Bg5 {[%clk 0:00:46]} Bd6 {[%clk 0:01:36]} 54. Re1
{[%clk 0:00:44]} Rf3 {[%clk 0:01:57]} 55. Kc2 {[%clk 0:00:45]} Ng3
{[%clk 0:02:03]} 56. Bc1 {[%clk 0:00:52]} Nf5 {[%clk 0:02:26]} 57. Re4
{[%clk 0:01:06]} Ng7 {[%clk 0:01:47]} 58. Rh4 {[%clk 0:00:36]} Ne6
{[%clk 0:02:04]} 59. Rh7+ {[%clk 0:00:59]} Kc8 {[%clk 0:02:28]} 60. Rh8+
{[%clk 0:01:14]} Kb7 {[%clk 0:02:51]} 61. Rh4 {[%clk 0:01:24]} Rf2+
{[%clk 0:02:52]} 0-1

[Event "Portugal Open 2018"]
[Site "Lisboa POR"]
[Date "2018.02.08"]
[Round "7.27"]
[White "Godzwon, Iwo"]
[Black "Bulmaga, Irina"]
[Result "0-1"]
[BlackElo "2411"]
[WhiteElo "2240"]
[LiveChessVersion "1.4.8"]

1. e4 {[%clk 1:30:58]} c5 {[%clk 1:30:51]} 2. Nf3 {[%clk 1:31:26]} Nc6
{[%clk 1:31:11]} 3. d4 {[%clk 1:31:53]} cxd4 {[%clk 1:31:33]} 4. Nxd4
{[%clk 1:32:21]} e5 {[%clk 1:31:54]} 5. Nb5 {[%clk 1:31:05]} d6 {[%clk 1:32:14]}
6. N1c3 {[%clk 1:31:28]} a6 {[%clk 1:32:37]} 7. Na3 {[%clk 1:31:55]} Be6
{[%clk 1:32:50]} 8. Nc4 {[%clk 1:24:52]} b5 {[%clk 1:33:06]} 9. Ne3
{[%clk 1:25:18]} Nf6 {[%clk 1:33:29]} 10. f3 {[%clk 1:24:53]} g6 {[%clk 1:29:11]}
11. Bd3 {[%clk 1:23:02]} Bg7 {[%clk 1:29:31]} 12. O-O {[%clk 1:23:26]} O-O
{[%clk 1:28:40]} 13. Kh1 {[%clk 1:20:22]} b4 {[%clk 1:23:37]} 14. Ncd5
{[%clk 1:20:28]} Bxd5 {[%clk 1:19:51]} 15. Nxd5 {[%clk 1:20:02]} Nxd5
{[%clk 1:19:31]} 16. exd5 {[%clk 1:20:28]} Ne7 {[%clk 1:19:06]} 17. Bg5
{[%clk 1:20:04]} Qc7 {[%clk 1:14:30]} 18. Bxe7 {[%clk 1:16:52]} Qxe7
{[%clk 1:14:58]} 19. Qe2 {[%clk 1:15:10]} a5 {[%clk 1:14:02]} 20. Bb5
{[%clk 1:15:13]} Rab8 {[%clk 1:09:58]} 21. Bc6 {[%clk 1:12:19]} f5
{[%clk 1:09:51]} 22. Rab1 {[%clk 1:07:04]} Bh6 {[%clk 0:59:38]} 23. c3
{[%clk 1:05:36]} bxc3 {[%clk 0:56:39]} 24. bxc3 {[%clk 1:05:41]} Rxb1
{[%clk 0:49:01]} 25. Rxb1 {[%clk 1:06:07]} e4 {[%clk 0:49:19]} 26. c4
{[%clk 1:01:38]} e3 {[%clk 0:43:06]} 27. Rd1 {[%clk 0:56:47]} Qa7
{[%clk 0:42:21]} 28. g3 {[%clk 0:56:49]} f4 {[%clk 0:41:30]} 29. a4
{[%clk 0:56:37]} Qb6 {[%clk 0:39:10]} 30. Kg2 {[%clk 0:56:08]} Bg7
{[%clk 0:38:53]} 31. Bb5 {[%clk 0:55:24]} Be5 {[%clk 0:39:03]} 32. Qc2
{[%clk 0:55:06]} Qc5 {[%clk 0:37:36]} 33. g4 {[%clk 0:53:21]} Kg7
{[%clk 0:34:11]} 34. Kf1 {[%clk 0:52:40]} Rf7 {[%clk 0:34:21]} 35. Ke2
{[%clk 0:52:57]} Bf6 {[%clk 0:33:38]} 36. Rh1 {[%clk 0:50:05]} Qd4
{[%clk 0:30:23]} 37. h4 {[%clk 0:49:46]} Rc7 {[%clk 0:30:06]} 38. Bc6
{[%clk 0:48:21]} Rc8 {[%clk 0:24:06]} 39. g5 {[%clk 0:42:48]} Be5
{[%clk 0:22:36]} 40. h5 {[%clk 0:42:11]} Rb8 {[%clk 0:19:47]} 41. Bb5
{[%clk 0:42:31]} Qb2 {[%clk 0:17:49]} 42. Qxb2 {[%clk 0:42:29]} Bxb2
{[%clk 0:18:17]} 43. h6+ {[%clk 0:41:04]} Kf7 {[%clk 0:18:25]} 44. Kd3
{[%clk 0:41:21]} Ke7 {[%clk 0:17:56]} 45. Ke4 {[%clk 0:40:34]} Rf8
{[%clk 0:18:07]} 46. Kd3 {[%clk 0:32:34]} Ba3 {[%clk 0:18:19]} 47. Rg1
{[%clk 0:32:24]} Rf5 {[%clk 0:17:40]} 48. Ba6 {[%clk 0:31:58]} Kd8
{[%clk 0:17:46]} 49. Rg4 {[%clk 0:31:58]} Bb4 {[%clk 0:17:44]} 50. Ke2
{[%clk 0:32:21]} Kc7 {[%clk 0:16:51]} 51. Bb5 {[%clk 0:32:43]} Rf8
{[%clk 0:17:01]} 52. Rg1 {[%clk 0:32:21]} Rf7 {[%clk 0:15:49]} 53. Rh1
{[%clk 0:32:19]} Bc5 {[%clk 0:15:53]} 54. Rg1 {[%clk 0:31:17]} Rf5
{[%clk 0:15:46]} 55. Ba6 {[%clk 0:30:42]} Bb6 {[%clk 0:15:37]} 56. Rg4
{[%clk 0:25:08]} Kb8 {[%clk 0:15:31]} 57. Bb5 {[%clk 0:24:32]} Kc8
{[%clk 0:14:23]} 58. Ba6+ {[%clk 0:24:35]} Kd7 {[%clk 0:14:24]} 59. Bb5+
{[%clk 0:25:00]} Ke7 {[%clk 0:14:44]} 60. Ba6 {[%clk 0:25:26]} Kd8
{[%clk 0:14:37]} 61. Bb5 {[%clk 0:25:50]} Kc8 {[%clk 0:14:55]} 62. Ba6+
{[%clk 0:26:05]} Kb8 {[%clk 0:15:24]} 63. Bb5 {[%clk 0:26:28]} Bd8
{[%clk 0:15:49]} 64. Bd7 {[%clk 0:26:53]} Rxg5 {[%clk 0:16:00]} 65. Rxf4
{[%clk 0:26:20]} Rg2+ {[%clk 0:16:08]} 66. Kf1 {[%clk 0:26:47]} e2+
{[%clk 0:15:56]} 67. Ke1 {[%clk 0:27:14]} Rh2 {[%clk 0:16:12]} 68. Rf8
{[%clk 0:25:51]} Kc7 {[%clk 0:16:31]} 69. Rxd8 {[%clk 0:25:29]} Kxd8
{[%clk 0:16:58]} 70. Be6 {[%clk 0:25:53]} Kc7 {[%clk 0:16:58]} 71. Bg8
{[%clk 0:26:18]} Rxh6 {[%clk 0:17:01]} 72. Kxe2 {[%clk 0:26:46]} Kb6
{[%clk 0:17:22]} 0-1

[Event "Portugal Open 2018"]
[Site "Lisboa POR"]
[Date "2018.02.08"]
[Round "7.28"]
[White "Luch, Michal"]
[Black "Sahin, Ozgun"]
[Result "1-0"]
[BlackElo "2195"]
[WhiteElo "2396"]
[LiveChessVersion "1.4.8"]

1. c4 {[%clk 1:30:58]} c5 {[%clk 1:28:57]} 2. Nc3 {[%clk 1:31:24]} Nc6
{[%clk 1:28:46]} 3. g3 {[%clk 1:31:51]} g6 {[%clk 1:29:12]} 4. Bg2
{[%clk 1:32:18]} Bg7 {[%clk 1:29:37]} 5. a3 {[%clk 1:32:44]} e6 {[%clk 1:28:17]}
6. Rb1 {[%clk 1:32:33]} Nge7 {[%clk 1:27:56]} 7. b4 {[%clk 1:31:54]} cxb4
{[%clk 1:28:02]} 8. axb4 {[%clk 1:32:20]} d5 {[%clk 1:28:04]} 9. b5
{[%clk 1:30:52]} Ne5 {[%clk 1:25:28]} 10. cxd5 {[%clk 1:22:16]} exd5
{[%clk 1:16:19]} 11. d4 {[%clk 1:21:17]} Nc4 {[%clk 1:16:09]} 12. e3
{[%clk 1:20:59]} Bf5 {[%clk 1:05:25]} 13. Ra1 {[%clk 1:18:06]} Qd7
{[%clk 1:03:57]} 14. Qb3 {[%clk 1:17:20]} Be6 {[%clk 1:00:01]} 15. Nge2
{[%clk 1:15:41]} g5 {[%clk 0:54:32]} 16. Ba3 {[%clk 1:05:37]} Nxa3
{[%clk 0:54:44]} 17. Rxa3 {[%clk 1:05:30]} O-O {[%clk 0:53:34]} 18. O-O
{[%clk 1:04:57]} a5 {[%clk 0:52:26]} 19. bxa6 {[%clk 0:58:29]} Rxa6
{[%clk 0:49:26]} 20. Rxa6 {[%clk 0:57:16]} bxa6 {[%clk 0:49:55]} 21. Ra1
{[%clk 0:57:40]} Ra8 {[%clk 0:47:18]} 22. Qb6 {[%clk 0:49:13]} Nc8
{[%clk 0:45:51]} 23. Qa5 {[%clk 0:41:00]} Ne7 {[%clk 0:46:17]} 24. Nc1
{[%clk 0:38:17]} Nc6 {[%clk 0:40:18]} 25. Qa4 {[%clk 0:35:01]} Rc8
{[%clk 0:37:48]} 26. N1e2 {[%clk 0:28:38]} a5 {[%clk 0:35:21]} 27. Rb1
{[%clk 0:27:39]} Bg4 {[%clk 0:13:29]} 28. Rb5 {[%clk 0:20:56]} Bxe2
{[%clk 0:12:57]} 29. Rxd5 {[%clk 0:16:50]} Qg4 {[%clk 0:10:58]} 30. h3
{[%clk 0:17:09]} Qh5 {[%clk 0:10:24]} 31. Rc5 {[%clk 0:17:20]} Bd3
{[%clk 0:04:35]} 32. Rxc6 {[%clk 0:17:10]} Rxc6 {[%clk 0:05:00]} 33. Qxc6
{[%clk 0:17:32]} Qg6 {[%clk 0:03:54]} 34. Qa8+ {[%clk 0:17:10]} Bf8
{[%clk 0:04:19]} 35. Qxa5 {[%clk 0:17:32]} h6 {[%clk 0:04:09]} 36. Qe5
{[%clk 0:15:33]} Qa6 {[%clk 0:03:48]} 37. Nd5 {[%clk 0:15:36]} Bd6
{[%clk 0:03:06]} 38. Qf6 {[%clk 0:14:35]} Qa1+ {[%clk 0:02:45]} 39. Kh2
{[%clk 0:15:03]} Bf8 {[%clk 0:03:05]} 40. Ne7+ {[%clk 0:15:03]} Bxe7
{[%clk 0:03:33]} 41. Qxe7 {[%clk 0:15:27]} Kg7 {[%clk 0:03:12]} 42. Qe5+
{[%clk 0:14:27]} f6 {[%clk 0:03:36]} 43. Qe7+ {[%clk 0:14:38]} Kg6
{[%clk 0:04:04]} 44. Bc6 {[%clk 0:12:57]} 1-0

[Event "Portugal Open 2018"]
[Site "Lisboa POR"]
[Date "2018.02.08"]
[Round "7.29"]
[White "Guerra, Vitor"]
[Black "Ozturk, Kubra"]
[Result "0-1"]
[BlackElo "2353"]
[WhiteElo "2113"]
[LiveChessVersion "1.4.8"]

1. d4 {[%clk 1:10:19]} d5 {[%clk 1:30:33]} 2. c4 {[%clk 1:10:13]} c6
{[%clk 1:30:17]} 3. Nc3 {[%clk 1:10:28]} dxc4 {[%clk 1:28:38]} 4. a4
{[%clk 1:10:30]} e5 {[%clk 1:28:07]} 5. d5 {[%clk 1:07:01]} Bb4 {[%clk 1:26:19]}
6. e4 {[%clk 1:05:51]} Qh4 {[%clk 1:23:06]} 7. Bxc4 {[%clk 0:56:26]} Qxe4+
{[%clk 1:22:16]} 8. Qe2 {[%clk 0:55:09]} cxd5 {[%clk 1:18:02]} 9. Qxe4
{[%clk 0:54:30]} dxe4 {[%clk 1:18:05]} 10. Bd2 {[%clk 0:54:48]} Bxc3
{[%clk 1:11:56]} 11. Bxc3 {[%clk 0:55:12]} Nc6 {[%clk 1:12:05]} 12. Bd5
{[%clk 0:53:59]} Nge7 {[%clk 1:11:15]} 13. Bxe4 {[%clk 0:53:17]} Bf5
{[%clk 1:07:45]} 14. Bxf5 {[%clk 0:44:06]} Nxf5 {[%clk 1:08:07]} 15. O-O-O
{[%clk 0:43:11]} f6 {[%clk 0:52:00]} 16. f4 {[%clk 0:37:27]} Nfd4
{[%clk 0:23:06]} 17. Re1 {[%clk 0:30:53]} O-O-O {[%clk 0:21:30]} 18. Nf3
{[%clk 0:28:54]} exf4 {[%clk 0:13:49]} 19. Nxd4 {[%clk 0:23:17]} Nxd4
{[%clk 0:14:17]} 20. Re4 {[%clk 0:23:39]} Nc6 {[%clk 0:13:17]} 21. Rxf4
{[%clk 0:21:35]} Rhe8 {[%clk 0:12:56]} 22. h4 {[%clk 0:19:55]} Ne5
{[%clk 0:12:05]} 23. Kc2 {[%clk 0:18:34]} Nd3 {[%clk 0:09:29]} 24. Rc4+
{[%clk 0:18:38]} Kb8 {[%clk 0:09:57]} 25. g4 {[%clk 0:18:54]} Re2+
{[%clk 0:09:49]} 26. Kb3 {[%clk 0:18:40]} b5 {[%clk 0:05:16]} 27. axb5
{[%clk 0:18:12]} Rd5 {[%clk 0:02:17]} 28. Rd4 {[%clk 0:14:50]} Rxd4
{[%clk 0:02:35]} 29. Bxd4 {[%clk 0:15:14]} Re4 {[%clk 0:02:43]} 30. Kc3
{[%clk 0:14:44]} Nf4 {[%clk 0:02:51]} 31. Bf2 {[%clk 0:12:56]} Nd5+
{[%clk 0:03:03]} 32. Kd3 {[%clk 0:11:36]} Rxg4 {[%clk 0:03:23]} 33. Ra1
{[%clk 0:11:36]} Nb6 {[%clk 0:02:49]} 34. Re1 {[%clk 0:11:52]} Rg2
{[%clk 0:02:38]} 35. Re8+ {[%clk 0:11:15]} Kc7 {[%clk 0:02:42]} 36. Ke2
{[%clk 0:11:32]} Rg4 {[%clk 0:01:23]} 37. Kf3 {[%clk 0:11:36]} h5
{[%clk 0:00:49]} 38. Re7+ {[%clk 0:12:00]} Nd7 {[%clk 0:00:39]} 39. Bxa7
{[%clk 0:11:58]} Kd6 {[%clk 0:00:57]} 40. Re2 {[%clk 0:08:40]} Rb4
{[%clk 0:00:37]} 41. Rd2+ {[%clk 0:08:11]} Ke6 {[%clk 0:00:42]} 42. Bd4
{[%clk 0:07:34]} Rxb5 {[%clk 0:00:58]} 43. Bc3 {[%clk 0:07:02]} g5
{[%clk 0:00:53]} 44. hxg5 {[%clk 0:07:05]} fxg5 {[%clk 0:01:19]} 45. Kg3
{[%clk 0:07:20]} Ne5 {[%clk 0:01:11]} 46. Rf2 {[%clk 0:07:19]} Rd5
{[%clk 0:01:15]} 47. Rf8 {[%clk 0:07:23]} Rd3+ {[%clk 0:00:43]} 48. Kg2
{[%clk 0:07:42]} Ng4 {[%clk 0:00:40]} 49. Rg8 {[%clk 0:07:30]} h4
{[%clk 0:00:38]} 50. Rh8 {[%clk 0:04:31]} Rg3+ {[%clk 0:00:43]} 51. Kf1
{[%clk 0:04:28]} h3 {[%clk 0:00:48]} 52. Bd4 {[%clk 0:04:11]} h2 {[%clk 0:00:47]}
53. Ke2 {[%clk 0:04:19]} Kd5 {[%clk 0:00:53]} 54. Bf2 {[%clk 0:04:18]} Rb3
{[%clk 0:00:47]} 55. Rd8+ {[%clk 0:04:20]} Ke4 {[%clk 0:01:08]} 56. Re8+
{[%clk 0:04:36]} Ne5 {[%clk 0:01:24]} 57. Rh8 {[%clk 0:04:48]} Rxb2+
{[%clk 0:01:51]} 58. Kf1 {[%clk 0:05:09]} Ng4 {[%clk 0:01:42]} 59. Re8+
{[%clk 0:04:55]} Ke5 0-1

[Event "Portugal Open 2018"]
[Site "Lisboa POR"]
[Date "2018.02.08"]
[Round "7.30"]
[White "Kerigan, Demre"]
[Black "Pein, Jonathan Avi"]
[Result "1-0"]
[BlackElo "2177"]
[WhiteElo "2350"]
[LiveChessVersion "1.4.8"]

1. e4 {[%clk 1:30:02]} d6 {[%clk 1:30:53]} 2. d4 {[%clk 1:30:11]} Nf6
{[%clk 1:31:14]} 3. Nc3 {[%clk 1:30:29]} Nc6 {[%clk 1:31:33]} 4. Nf3
{[%clk 1:30:21]} Bg4 {[%clk 1:31:55]} 5. Be3 {[%clk 1:24:14]} e5 {[%clk 1:32:07]}
6. d5 {[%clk 1:23:56]} Ne7 {[%clk 1:32:20]} 7. h3 {[%clk 1:20:30]} Bd7
{[%clk 1:32:35]} 8. Nd2 {[%clk 1:19:27]} Ng6 {[%clk 1:30:38]} 9. Nc4
{[%clk 1:17:22]} Be7 {[%clk 1:30:15]} 10. a4 {[%clk 1:16:18]} O-O
{[%clk 1:29:50]} 11. Be2 {[%clk 1:15:16]} c6 {[%clk 1:24:49]} 12. Bg5
{[%clk 1:02:55]} Nxe4 {[%clk 1:10:08]} 13. Bxe7 {[%clk 1:00:26]} Qxe7
{[%clk 1:08:11]} 14. Nxe4 {[%clk 0:59:49]} cxd5 {[%clk 1:07:24]} 15. Qxd5
{[%clk 0:57:59]} Bc6 {[%clk 1:05:19]} 16. Qxd6 {[%clk 0:57:42]} Bxe4
{[%clk 1:05:02]} 17. Qxe7 {[%clk 0:56:44]} Nxe7 {[%clk 1:05:22]} 18. O-O
{[%clk 0:55:40]} Bxc2 {[%clk 0:57:12]} 19. Nxe5 {[%clk 0:51:36]} Ng6
{[%clk 0:49:17]} 20. Rfc1 {[%clk 0:34:48]} Rac8 {[%clk 0:43:25]} 21. Nc4
{[%clk 0:31:03]} Nf4 {[%clk 0:42:13]} 22. Bf1 {[%clk 0:30:39]} Be4
{[%clk 0:37:43]} 23. g3 {[%clk 0:23:23]} Nd3 {[%clk 0:34:20]} 24. Bxd3
{[%clk 0:19:38]} Bxd3 {[%clk 0:34:47]} 25. Nd6 {[%clk 0:20:00]} Rc2
{[%clk 0:33:31]} 26. Rxc2 {[%clk 0:15:24]} Bxc2 {[%clk 0:33:58]} 27. a5
{[%clk 0:14:47]} b6 {[%clk 0:15:24]} 28. Rc1 {[%clk 0:12:22]} Bb3
{[%clk 0:13:32]} 29. a6 {[%clk 0:10:36]} g6 {[%clk 0:11:23]} 30. Nb5
{[%clk 0:08:56]} Be6 {[%clk 0:09:41]} 31. Nxa7 {[%clk 0:06:39]} Ra8
{[%clk 0:08:00]} 32. Rc7 {[%clk 0:06:42]} Rd8 {[%clk 0:01:17]} 33. Nc6
{[%clk 0:05:32]} Rd1+ {[%clk 0:00:54]} 34. Kg2 {[%clk 0:03:56]} Ra1
{[%clk 0:00:41]} 35. Nb4 {[%clk 0:03:52]} Kg7 {[%clk 0:00:38]} 36. Rc6
{[%clk 0:03:32]} Ra4 {[%clk 0:00:33]} 37. Rxb6 {[%clk 0:03:53]} Bc8
{[%clk 0:00:49]} 38. h4 {[%clk 0:03:45]} 1-0

[Event "Portugal Open 2018"]
[Site "Lisboa POR"]
[Date "2018.02.08"]
[Round "7.31"]
[White "Lopez De Turiso, Jose Angel"]
[Black "Ruperez Benito, Antonio"]
[Result "1/2-1/2"]
[BlackElo "2348"]
[WhiteElo "2019"]
[LiveChessVersion "1.4.8"]

1. e4 {[%clk 1:30:53]} e6 {[%clk 1:30:55]} 2. d4 {[%clk 1:31:14]} d5
{[%clk 1:31:21]} 3. exd5 {[%clk 1:31:30]} exd5 {[%clk 1:31:45]} 4. Nf3
{[%clk 1:31:53]} Bd6 {[%clk 1:32:12]} 5. c4 {[%clk 1:32:13]} Nf6 {[%clk 1:32:37]}
6. c5 {[%clk 1:27:05]} Be7 {[%clk 1:33:01]} 7. Bd3 {[%clk 1:27:18]} b6
{[%clk 1:33:06]} 8. b4 {[%clk 1:22:26]} a5 {[%clk 1:27:54]} 9. O-O
{[%clk 1:13:22]} axb4 {[%clk 1:27:22]} 10. cxb6 {[%clk 1:12:48]} c6
{[%clk 1:21:28]} 11. Nbd2 {[%clk 1:08:02]} O-O {[%clk 1:19:48]} 12. Nb3
{[%clk 1:03:10]} Qxb6 {[%clk 1:18:21]} 13. Re1 {[%clk 1:00:36]} Bd6
{[%clk 1:14:46]} 14. Bg5 {[%clk 0:59:06]} Nbd7 {[%clk 1:14:00]} 15. Ne5
{[%clk 0:53:39]} Qc7 {[%clk 1:02:59]} 16. Nxd7 {[%clk 0:46:55]} Nxd7
{[%clk 1:01:35]} 17. Qh5 {[%clk 0:43:47]} g6 {[%clk 0:59:36]} 18. Qh6
{[%clk 0:42:21]} Ba6 {[%clk 0:59:04]} 19. Re3 {[%clk 0:33:56]} f5
{[%clk 0:55:21]} 20. Rae1 {[%clk 0:21:50]} Rf7 {[%clk 0:40:12]} 21. Bxa6
{[%clk 0:08:04]} Rxa6 {[%clk 0:40:36]} 22. Bd8 {[%clk 0:04:01]} Bf8
{[%clk 0:26:49]} 23. Re8 {[%clk 0:03:18]} Qd6 {[%clk 0:24:19]} 24. Qh4
{[%clk 0:00:50]} Ra8 {[%clk 0:19:46]} 25. R1e6 {[%clk 0:00:42]} Qb8
{[%clk 0:20:08]} 26. Qg5 {[%clk 0:00:40]} Rxa2 {[%clk 0:17:58]} 27. Rxg6+
{[%clk 0:00:35]} hxg6 {[%clk 0:18:26]} 28. Qxg6+ {[%clk 0:01:05]} Rg7
{[%clk 0:18:44]} 29. Qe6+ {[%clk 0:00:43]} Rf7 {[%clk 0:18:43]} 30. Qg6+
{[%clk 0:01:04]} Rg7 {[%clk 0:19:06]} 31. Qe6+ {[%clk 0:01:27]} Rf7
{[%clk 0:18:20]} 1/2-1/2

[Event "Portugal Open 2018"]
[Site "Lisboa POR"]
[Date "2018.02.08"]
[Round "7.32"]
[White "Fernandes, Miguel Antonio"]
[Black "Alshameary Puente, Ismael"]
[Result "0-1"]
[BlackElo "2339"]
[WhiteElo "2036"]
[LiveChessVersion "1.4.8"]

1. d4 {[%clk 1:25:10]} Nf6 {[%clk 1:30:56]} 2. c4 {[%clk 1:25:35]} e6
{[%clk 1:31:21]} 3. Nf3 {[%clk 1:25:59]} Bb4+ {[%clk 1:31:48]} 4. Nbd2
{[%clk 1:26:23]} O-O {[%clk 1:32:11]} 5. a3 {[%clk 1:26:40]} Be7 {[%clk 1:32:37]}
6. e4 {[%clk 1:26:54]} d6 {[%clk 1:33:04]} 7. Bd3 {[%clk 1:26:26]} a5
{[%clk 1:33:30]} 8. Qe2 {[%clk 1:25:25]} e5 {[%clk 1:31:48]} 9. h3
{[%clk 1:20:37]} Nfd7 {[%clk 1:30:03]} 10. d5 {[%clk 1:19:55]} Nc5
{[%clk 1:29:38]} 11. Bc2 {[%clk 1:20:20]} c6 {[%clk 1:27:25]} 12. O-O
{[%clk 1:13:48]} cxd5 {[%clk 1:21:03]} 13. cxd5 {[%clk 1:12:49]} b5
{[%clk 1:21:14]} 14. a4 {[%clk 1:08:27]} bxa4 {[%clk 1:19:48]} 15. Bxa4
{[%clk 1:04:34]} Nxa4 {[%clk 1:19:17]} 16. Rxa4 {[%clk 1:04:42]} Ba6
{[%clk 1:18:59]} 17. Nc4 {[%clk 1:02:54]} Nd7 {[%clk 1:17:09]} 18. Be3
{[%clk 1:01:51]} Qc7 {[%clk 1:14:09]} 19. Rc1 {[%clk 0:55:24]} Rfc8
{[%clk 1:11:32]} 20. Nfd2 {[%clk 0:51:39]} Nc5 {[%clk 1:10:18]} 21. Ra3
{[%clk 0:48:14]} Rab8 {[%clk 0:54:29]} 22. Qg4 {[%clk 0:48:00]} Rb5
{[%clk 0:50:07]} 23. Kh2 {[%clk 0:38:23]} Qd8 {[%clk 0:43:51]} 24. Rca1
{[%clk 0:34:55]} a4 {[%clk 0:41:48]} 25. Bh6 {[%clk 0:30:16]} g6 {[%clk 0:39:46]}
26. Rc3 {[%clk 0:24:15]} Rcb8 {[%clk 0:38:42]} 27. Rac1 {[%clk 0:22:55]} Nd7
{[%clk 0:30:57]} 28. Be3 {[%clk 0:21:37]} Rb4 {[%clk 0:30:07]} 29. Ba7
{[%clk 0:18:55]} Ra8 {[%clk 0:27:56]} 30. Be3 {[%clk 0:18:26]} Nf6
{[%clk 0:28:18]} 31. Qf3 {[%clk 0:18:08]} Nh5 {[%clk 0:27:51]} 32. Qg4
{[%clk 0:15:00]} Bc8 {[%clk 0:25:49]} 33. Qf3 {[%clk 0:15:26]} Bd7
{[%clk 0:26:12]} 34. g3 {[%clk 0:14:41]} Ng7 {[%clk 0:25:54]} 35. g4
{[%clk 0:14:29]} Rab8 {[%clk 0:24:55]} 36. Nf1 {[%clk 0:13:00]} Rb3
{[%clk 0:24:03]} 37. Nfd2 {[%clk 0:11:31]} Rxc3 {[%clk 0:24:20]} 38. Rxc3
{[%clk 0:11:52]} h5 {[%clk 0:24:22]} 39. Qg2 {[%clk 0:10:45]} hxg4
{[%clk 0:22:12]} 40. hxg4 {[%clk 0:11:09]} Ne8 {[%clk 0:22:35]} 41. f3
{[%clk 0:10:50]} Bg5 {[%clk 0:22:42]} 42. Nb1 {[%clk 0:09:44]} Bxe3
{[%clk 0:20:56]} 43. Rxe3 {[%clk 0:10:09]} Qh4+ {[%clk 0:21:00]} 44. Kg1
{[%clk 0:09:30]} Rb4 {[%clk 0:20:43]} 45. Nba3 {[%clk 0:08:48]} Bb5
{[%clk 0:18:47]} 46. Na5 {[%clk 0:07:54]} Rd4 {[%clk 0:18:34]} 0-1